The concise oxford companion to economics in India / (Record no. 40716)

MARC details
000 -LEADER
fixed length control field 01937nam a22003137a 4500
005 - DATE AND TIME OF LATEST TRANSACTION
control field 2010081007027.0
010 ## - LCCN (DPL NO)
LC control number ENG-99431 B-456329-333
020 ## - INTERNATIONAL STANDARD BOOK NUMBER
International Standard Book Number 019806313x
Terms of availability 495.00
020 ## - INTERNATIONAL STANDARD BOOK NUMBER
International Standard Book Number 9780198063131
Terms of availability 495.00
035 ## - SYSTEM CONTROL NUMBER
System control number EN-82963 B-456329-333
037 ## - SOURCE OF ACQUISITION
Source of stock number/acquisition DBAD/PUB
037 ## - SOURCE OF ACQUISITION
Source of stock number/acquisition RBC/Ven
082 ## - DEWEY DECIMAL CLASSIFICATION NUMBER
Classification number 330.954
245 ## - TITLE STATEMENT
Title The concise oxford companion to economics in India /
Statement of responsibility, etc edited by Kushik Basu [and] Annemie Maertens
260 ## - PUBLICATION, DISTRIBUTION, ETC. (IMPRINT)
Place of publication, distribution, etc New Delhi
Name of publisher, distributor, etc Oxford University Press
Date of publication, distribution, etc 2010
270 ## - ADDRESS
Address YMCA Library Building, Jai Singh Road
City New Delhi
Postal code 110001
300 ## - PHYSICAL DESCRIPTION
Extent x,617p.:
Other physical details ill.
Dimensions 24cm (pbk)
650 ## - SUBJECT ADDED ENTRY--TOPICAL TERM
Topical term or geographic name as entry element Economics
Geographic subdivision India
700 ## - ADDED ENTRY--PERSONAL NAME
Personal name Basu, Kaushik
9 (RLIN) 10266
700 ## - ADDED ENTRY--PERSONAL NAME
Personal name Maertens, Annemie
9 (RLIN) 10267
942 ## - ADDED ENTRY ELEMENTS (KOHA)
Source of classification or shelving scheme Dewey Decimal Classification
Item type English Books
Classification part 330.954
Call number suffix CON
Holdings
Withdrawn status Lost status Not for loan Collection code Home library Current library Date acquired Source of acquisition Cost, normal purchase price Full call number Barcode Copy number Cost, replacement price Koha item type
      Non-fiction Central Library Central Library 17/04/2012 RBC/27102/30.11.2011/07/15.09.2011/03.02.2012 495.00 330.954 CON B-456329 1 495.00 English Books
    Not For Loan Non-fiction D.B.Act.Division D.B.Act.Division 10/08/2010 DBAD/PUB 495.00 330.954 CON EN-82963 1 495.00 English Books
      Non-fiction Karol Bagh Karol Bagh 17/04/2012 RBC/27102/30.11.2011/07/15.09.2011/03.02.2012 495.00 330.954 CON B-456332 1 495.00 English Books
  Written-off vide DLB M. No. 383 dt 16.05.19   Non-fiction Patel Nagar Patel Nagar 17/04/2012 RBC/27102/30.11.2011/07/15.09.2011/03.02.2012 495.00 330.954 CON B-456330 1 495.00 English Books
  Written-off vide DLB M. No. 383 dt 16.05.19   Non-fiction Sarojini Nagar Sarojini Nagar 17/04/2012 RBC/27102/30.11.2011/07/15.09.2011/03.02.2012 495.00 330.954 CON B-456331 1 495.00 English Books
      Non-fiction Shahdara Branch Shahdara Branch 17/04/2012 RBC/27102/30.11.2011/07/15.09.2011/03.02.2012 495.00 330.954 CON B-456333 1 495.00 English Books

© Delhi Public Library
Hit Counter
free hit counter